000 00462nam a2200169Ia 4500
005 20250507125802.0
008 008 250505s9999 xx 000 0 kor d
037 _aAudio
040 _aEASL
_beng
_cEASL
041 _akor
_2eng
084 _aCD00124-136
_qEASL
245 0 _aHangukmunhwayoosan = The legacy of Historical Architecture Korea
490 _vV. 9
650 _aKorean
942 _cAUD
_hCD00124-136
999 _c1313105
_d1313105